00857nam a2200253Ia 4500952013700000999001700137003000400154005001700158008004100175040000900216041001300225050002500238100002400263245010300287246002000390260004300410300002000453500005100473650003900524700001100563700001400574942000700588949000800595 00102LCC4070aGETSbGETScGENd2020-09-01l3m6oBS2397 .L33 1984- v.2p00014835r2021-11-08 00:00:00s2021-10-19w2020-09-01yCB c27539d27539OSt20210126172258.0200901s9999||||xx |||||||||||||| ||und|| cGETS achiheng aBS2397 b.L33 1984- aLadd, George Eldon  0a新約神學b= A Theology of the New Testament /c賴德 (George Eldon Ladd) 著; 馬可人 譯  a新约神学b/ a臺北:b中華福音神學院,c1984- a2 v.b;c21 cm. aTranslatin of: A Theology of the New Testament aBible. -- New Testament.Theology.  a賴德 a馬可人 cCB vv.2